[Event "Africa-ch U16"]
[Site "Port Elizabeth"]
[Date "2016.08.23"]
[Round "3"]
[White "Farah, Souleimane Maher"]
[Black "De Jager, Luan"]
[Result "1/2-1/2"]
[WhiteElo "1862"]
[BlackElo "1859"]
[PlyCount "102"]
[EventDate "2016.08.22"]
[EventType "swiss"]
[EventRounds "9"]
[EventCountry "RSA"]
[SourceTitle "CBM 174 Extra"]
[Source "ChessBase"]
[SourceDate "2016.10.10"]
[SourceVersion "1"]
[SourceVersionDate "2016.10.10"]
[SourceQuality "1"]

1. e4 c5 2. Nf3 Nc6 3. c3 d5 4. exd5 Qxd5 5. d4 Bg4 6. Be2 cxd4 7. cxd4 e6 8. Nc3 Bb4 9. Bd2 Qd8 10. a3 Ba5 11. Be3 Nf6 12. 0-0 0-0 13. h3 Bh5 14. Qa4 Rc8 15. Rac1 Qe7 16. Rfd1 Rfd8 17. g4 Bg6 18. Ne5 Bb6 19. Nxc6 Rxc6 20. Bf3 Rcc8 21. Qb4 Qxb4 22. axb4 Rc7 23. Na4 Bc2 24. Nxb6 Bxd1 25. Rxc7 Bxf3 26. Rc8 Rf8 27. g5 axb6 28. Rxf8+ Kxf8 29. gxf6 gxf6 30. Kh2 Ke7 31. Kg3 Bd1 32. Bd2 Kd6 33. Kf4 Kd5 34. Bc3 Kc4 35. Ke3 Bh5 36. h4 Bg6 37. f4 b5 38. Ke2 Bh5+ 39. Ke3 Bg4 40. Ke4 Bf5+ 41. Ke3 Bd3 42. Kf2 Kb3 43. Ke3 Bc4 44. Kf2 f5 45. Ke3 Kc2 46. h5 Bd5 47. Ke2 Bc6 48. Ke3 Bd5 49. Ke2 Bc4+ 50. Ke3 Bd5 51. h6 Bc4 1/2-1/2

[Event "Africa-ch U16"]
[Site "Port Elizabeth"]
[Date "2016.08.23"]
[Round "2"]
[White "Mazibuko, Khanya"]
[Black "Farah, Souleimane Maher"]
[Result "1/2-1/2"]
[WhiteElo "1666"]
[BlackElo "1862"]
[PlyCount "47"]
[EventDate "2016.08.22"]
[EventType "swiss"]
[EventRounds "9"]
[EventCountry "RSA"]
[SourceTitle "CBM 174 Extra"]
[Source "ChessBase"]
[SourceDate "2016.10.10"]
[SourceVersion "1"]
[SourceVersionDate "2016.10.10"]
[SourceQuality "1"]

1. c4 c5 2. g3 Nf6 3. Bg2 d5 4. cxd5 Nxd5 5. Nc3 Nc7 6. Qb3 Nc6 7. Bxc6+ bxc6 8. Qa4 Bd7 9. b3 e5 10. Nf3 f6 11. 0-0 Be7 12. Ne1 Nb5 13. Nd3 0-0 14. Qc4+ Kh8 15. Ne4 Bh3 16. Rd1 Nd6 17. Nxd6 Qxd6 18. Ba3 Rac8 19. Qxc5 Qxd3 20. exd3 Bxc5 21. Bxc5 Rf7 22. d4 exd4 23. Bxd4 Rd7 24. Be3 1/2-1/2

[Event "Arab-ch U16"]
[Site "Djerba"]
[Date "2016.07.28"]
[Round "7.5"]
[White "Mohammed, Naoueli"]
[Black "Farah, Souleimane Maher"]
[Result "1-0"]
[WhiteElo "1951"]
[BlackElo "1787"]
[PlyCount "53"]
[EventDate "2016.07.23"]
[EventType "swiss"]
[EventRounds "9"]
[EventCountry "TUN"]
[SourceTitle "EXT 2024"]
[Source "ChessBase"]
[SourceDate "2023.10.10"]
[SourceVersion "1"]
[SourceVersionDate "2023.10.10"]
[SourceQuality "1"]

1. e4 e5 2. Bc4 Nf6 3. Nc3 Nc6 4. d3 Bc5 5. f4 d6 6. Nf3 Ng4 7. Ng5 0-0 8. f5 Bf2+ 9. Kf1 Ne3+ 10. Bxe3 Bxe3 11. Nxf7 Rxf7 12. Qh5 Qf8 13. Ke2 Bb6 14. g4 Na5 15. Bd5 Bd4 16. g5 c6 17. g6 hxg6 18. fxg6 Bg4+ 19. Qxg4 cxd5 20. gxf7+ Qxf7 21. Raf1 Qc7 22. Qe6+ Kh8 23. Rf5 g6 24. Qxg6 Qg7 25. Rh5+ Kg8 26. Qe6+ Qf7 27. Rg5+ 1-0

[Event "Arab-ch U16"]
[Site "Djerba"]
[Date "2016.07.24"]
[Round "3.3"]
[White "Bouchamla, Alaa"]
[Black "Farah, Souleimane Maher"]
[Result "1/2-1/2"]
[WhiteElo "1603"]
[BlackElo "1787"]
[PlyCount "63"]
[EventDate "2016.07.23"]
[EventType "swiss"]
[EventRounds "9"]
[EventCountry "TUN"]
[SourceTitle "EXT 2024"]
[Source "ChessBase"]
[SourceDate "2023.10.10"]
[SourceVersion "1"]
[SourceVersionDate "2023.10.10"]
[SourceQuality "1"]

1. e4 e5 2. Nf3 Nc6 3. Bc4 Bc5 4. c3 Nf6 5. d3 d6 6. h3 h6 7. Qe2 0-0 8. Nbd2 d5 9. Bb3 d4 10. c4 Re8 11. Ba4 Bd7 12. a3 a5 13. Rb1 Nb8 14. Qd1 Bxa4 15. Qxa4 Nbd7 16. Nf1 Bf8 17. Ng3 Nc5 18. Qc2 a4 19. Nf5 Nb3 20. 0-0 c6 21. Nd2 g6 22. Ng3 Nc5 23. Ne2 b5 24. g3 Qd7 25. Kh2 Rad8 26. Ng1 Nh5 27. b4 axb3 28. Nxb3 Na4 29. cxb5 cxb5 30. Bb2 Rc8 31. Qd2 Nxb2 32. Qxb2 1/2-1/2

[Event "Arab-ch U16"]
[Site "Djerba"]
[Date "2016.07.24"]
[Round "2.4"]
[White "Farah, Souleimane Maher"]
[Black "Atia, Mohamed"]
[Result "1/2-1/2"]
[WhiteElo "1787"]
[BlackElo "1745"]
[PlyCount "114"]
[EventDate "2016.07.23"]
[EventType "swiss"]
[EventRounds "9"]
[EventCountry "TUN"]
[SourceTitle "EXT 2024"]
[Source "ChessBase"]
[SourceDate "2023.10.10"]
[SourceVersion "1"]
[SourceVersionDate "2023.10.10"]
[SourceQuality "1"]

1. e4 e6 2. d4 d5 3. exd5 exd5 4. Bd3 Bd6 5. Nf3 Ne7 6. 0-0 Nbc6 7. c3 Bg4 8. h3 Bh5 9. Nbd2 Qd7 10. b4 Bg6 11. Nb3 0-0 12. Nc5 Bxc5 13. bxc5 Bxd3 14. Qxd3 Ng6 15. Be3 Na5 16. Nd2 Rfe8 17. c4 dxc4 18. Nxc4 Nxc4 19. Qxc4 c6 20. Rfd1 Ne7 21. Bf4 Nd5 22. Be5 Re6 23. Re1 Rae8 24. Kf1 Qe7 25. Red1 Qh4 26. Qd3 f6 27. Bg3 Qg5 28. h4 Qg4 29. Re1 Rxe1+ 30. Rxe1 Rxe1+ 31. Kxe1 Qe6+ 32. Kf1 Nb4 33. Qb1 Qc4+ 34. Kg1 Qxd4 35. a3 Nd5 36. Qxb7 Qxc5 37. Qc8+ Kf7 38. Qd7+ Ne7 39. Bd6 Qc1+ 40. Kh2 Qe1 41. Qxa7 Qe4 42. a4 Qe6 43. Qc7 Qe4 44. a5 Qxh4+ 45. Kg1 Kg6 46. Bxe7 Qa4 47. Bd8 Qd1+ 48. Kh2 Qh5+ 49. Kg3 Qg5+ 50. Kf3 Qd5+ 51. Ke3 Qc5+ 52. Kd3 Qb5+ 53. Kc3 Qc5+ 54. Kb3 Qb5+ 55. Ka3 Qc5+ 56. Kb3 Qb5+ 57. Kc3 Qc5+ 1/2-1/2